000 00702nam a2200241 i 4500
001 C2-0231708
003 PPAK
005 20180728084854.0
008 001129s1962 enka|||| ||||| | eng d
040 _aPPAK
_beng
_cPPAK
_erda
082 0 4 _a942.05
_223
090 0 0 _a942.05
_bCHU
_dKSI
100 1 _aChurchill, Winston S.,
_eauthor
245 1 2 _aA history of the english-speaking peoples :
_ba new world
264 1 _aLondon :
_bCassell ,
_c1962
300 _axi, 344 pages :
_billustrations ;
_c18 cm
336 _2rdacontent
_atext
337 _2rdamedia
_aunmediated
338 _2rdacarrier
_avolume
500 _aVol. 2
650 1 0 _aTudors (English history) - History.
942 _ddc
_cB
999 _c151073
_d151073